| 000 | 00734nam a22002417a 4500 | ||
|---|---|---|---|
| 003 | dpl | ||
| 005 | 20180522143613.0 | ||
| 008 | 180522b xxu||||| |||| 00| 0 eng d | ||
| 010 | _aA-896106 | ||
| 020 |
_c00.00 _a8121406536 |
||
| 035 | _aA-896106, A-896109 | ||
| 037 | _bCen Lib/Ret | ||
| 040 |
_aDPL _bEN _c0 |
||
| 082 |
_a921 _bSAR |
||
| 245 |
_aSarup Singh : _cedited by S.S. Rana _ba living legend / |
||
| 260 |
_aDelhi _bNational _c1997 |
||
| 270 |
_bDelhi _aA 2/29-13 Chhatra Marg _e110007 |
||
| 300 |
_axii,236p. _c25cm(Hb) |
||
| 650 |
_aSingh, Sarup, -- 1917-2003 _928232 |
||
| 650 |
_aEducators -- India -- Haryana -- Biography _928233 |
||
| 700 |
_aRana, S.S. _928234 |
||
| 942 |
_2ddc _cEN _h921 _mSAR |
||
| 999 |
_c130084 _d130084 |
||